000 00705nam a2200217 a 4500
005 20240919064530.0
008 020111s1999 es r 000 0 spa d
020 _a8487118666
035 _aUPN01000114536
049 _aCG
050 4 _aQH541.2
_bG5.38 1999
100 1 _aGiordan, André,
_d1946-
_938470
245 1 3 _aLa educación ambiental :
_bguía práctica /
_cAndré Giordan, Christian Souchon ; tr. Angel Martínez Geldhoff.
250 _a3a ed.
260 _aSevilla, Esp. :
_bDíada,
_c1999.
300 _a227 p. :
_bil.
440 0 _aInvestigación y enseñanza.
_pFundamentos ;
_v5
650 4 _aEducación ambiental
_94338
700 1 _aSouchon, Christian,
_ecoaut.
_930036
905 _aLibro
999 _c88443
_d88443